[Event "Lovsprings op 11th B"]
[Site "Ringsted"]
[Date "2000.05.01"]
[Round "5"]
[White "Hove, Lars"]
[Black "Pedersen, Allan"]
[Result "1/2-1/2"]
[WhiteElo "1632"]
[BlackElo "1672"]
[PlyCount "86"]
[EventDate "2000.03.24"]
[EventType "swiss"]
[EventRounds "7"]
[EventCountry "DEN"]
[SourceTitle "EXT 2023"]
[Source "ChessBase"]
[SourceDate "2022.10.05"]
[SourceVersion "1"]
[SourceVersionDate "2022.10.05"]
[SourceQuality "1"]

1. c4 c5 2. Nc3 Nf6 3. g3 d6 4. Bg2 e6 5. d3 Be7 6. Nh3 Nc6 7. Nf4 0-0 8. h4 Re8 9. e3 Rb8 10. Nh5 Bf8 11. 0-0 Bd7 12. b3 Nb4 13. a3 Na6 14. Rb1 Nc7 15. Bb2 e5 16. Nxf6+ Qxf6 17. Ne4 Qe7 18. Nc3 b5 19. e4 a5 20. Nd5 Nxd5 21. cxd5 f6 22. Bc1 b4 23. a4 g6 24. Be3 Qg7 25. f4 f5 26. Qd2 Qe7 27. Rf2 Bg7 28. Qc2 exf4 29. Rxf4 Be5 30. Rf3 fxe4 31. dxe4 Bg4 32. Bg5 Qc7 33. Rd3 Rf8 34. Qc1 Bd4+ 35. Kh2 Rf2 36. Bh6 Qf7 37. Be3 Bxe3 38. Qxe3 Re2 39. Qf4 Qd7 40. Rf1 Rxg2+ 41. Kxg2 Bh3+ 42. Kh2 Bxf1 43. Qxf1 Qf7 1/2-1/2

[Event "Lovsprings op 11th B"]
[Site "Ringsted"]
[Date "2000.04.14"]
[Round "4"]
[White "Jorgensen, Lars"]
[Black "Hove, Lars"]
[Result "1-0"]
[WhiteElo "1801"]
[BlackElo "1632"]
[PlyCount "89"]
[EventDate "2000.03.24"]
[EventType "swiss"]
[EventRounds "7"]
[EventCountry "DEN"]
[SourceTitle "EXT 2023"]
[Source "ChessBase"]
[SourceDate "2022.10.05"]
[SourceVersion "1"]
[SourceVersionDate "2022.10.05"]
[SourceQuality "1"]

1. e4 c5 2. Nc3 Nc6 3. g3 g6 4. Bg2 Bg7 5. Nge2 a6 6. 0-0 h5 7. d3 e6 8. Be3 Nd4 9. f4 d6 10. Qd2 Nh6 11. h3 Rb8 12. Nd1 f5 13. c3 Nxe2+ 14. Qxe2 Bd7 15. Nf2 Bc6 16. Rad1 Qa5 17. a3 0-0 18. Bd2 Rbe8 19. Rfe1 Qb6 20. Be3 Bb5 21. Qc2 Qc7 22. d4 cxd4 23. Bxd4 e5 24. Be3 Kh7 25. exf5 gxf5 26. Bf3 Kg6 27. g4 hxg4 28. hxg4 Bc6 29. gxf5+ Nxf5 30. Bg4 e4 31. Bxf5+ Kxf5 32. Nh3 Rg8 33. Ng5 Bf6 34. Qh2 Rh8 35. Qf2 Reg8 36. Qd2 Qh7 37. Qg2 Qe7 38. Rf1 d5 39. Kf2 Bxg5 40. fxg5 Rf8 41. Ke1+ Kg6 42. Rf6+ Kg7 43. Bd4 Kg8 44. Rg6+ Kf7 45. Rg7+ 1-0